000 00614cab a2200217 4500
001 WB3205-64
008 090401t1996 xxu||||| |||| 00| 0 eng d
035 _a(Sirsi) u14437
041 _aeng
245 _aMotorway tolling setback
260 _c1996
350 _a0
490 _aTimes
_v30 January 1996, 30(1)
520 _aPlans to introduce motorway tolls have been delayed further following withdrawal of a third consortium from the equipment trials.
650 _aMOTORWAY TOLLS
650 _aMOTORWAYS
650 _aTOLL ROADS
690 _aTAXATION-CASE LAW
942 _n0
948 _c04/03/1997
999 _c9407
_d9407